Les Etats, acteurs de la concurrence industrielle

Bewaard in:
Bibliografische gegevens
Hoofdauteur: Bucaille, Alain
Formaat: Boek
Taal:Undetermined
Gepubliceerd in: Paris Economica 1988
Onderwerpen:
Tags: Voeg label toe
Geen labels, Wees de eerste die dit record labelt!
Thư viện lưu trữ: Trung tâm Học liệu Trường Đại học Cần Thơ
LEADER 00540nam a2200181Ia 4500
001 CTU_81289
008 210402s9999 xx 000 0 und d
082 |a 338.4 
082 |b B918 
100 |a Bucaille, Alain 
245 0 |a Les Etats, acteurs de la concurrence industrielle 
245 0 |c Alain Bucaille, Bérold Costa De Beauregard 
260 |a Paris 
260 |b Economica 
260 |c 1988 
650 |a Industrial policy,Industrial promotion 
904 |i Trọng Hải 
980 |a Trung tâm Học liệu Trường Đại học Cần Thơ